[Event "4. Wittelsbacher Weihnachts-Schach-Open"]
[Site "Kelheim"]
[Date "2015.12.27"]
[Round "2.11"]
[White "Altmann, Jens"]
[Black "Lechermann, Markus"]
[Result "0-1"]
[WhiteElo "1988"]
[BlackElo "2043"]
[PlyCount "60"]
[EventDate "2015.??.??"]
[WhiteTeam "SF Leipzig-Südost"]
[BlackTeam "MTV Ingolstadt"]

1. e4 c5 2. Nc3 e6 3. f4 Nc6 4. Nf3 a6 5. d3 d6 6. Be2 g6 7. O-O Bg7 8. Bd2
Nge7 9. Qe1 Nd4 10. Bd1 O-O 11. Kh1 Bd7 12. Qh4 Nxf3 13. Bxf3 Nc6 14. Qg3 Nd4
15. Bd1 f5 16. h4 Kh8 17. h5 gxh5 18. Bxh5 Nxc2 19. exf5 Nxa1 20. Rxa1 exf5 21.
Re1 Bc6 22. Bf3 Bxf3 23. Qxf3 Qh4+ 24. Qh3 Qxh3+ 25. gxh3 Rae8 26. Rg1 b5 27.
a3 b4 28. axb4 cxb4 29. Nd5 a5 30. Nc7 Re2 0-1

[Event "4. Wittelsbacher Weihnachts-Schach-Open"]
[Site "Kelheim"]
[Date "2015.12.27"]
[Round "2.12"]
[White "Maurer, Heinrich"]
[Black "Specht, Helmut"]
[Result "0-1"]
[WhiteElo "2099"]
[BlackElo "1988"]
[PlyCount "102"]
[EventDate "2015.??.??"]
[WhiteTeam "SK Kelheim"]
[BlackTeam "TSV Mindelheim"]

1. e4 c6 2. d4 d5 3. e5 c5 4. dxc5 e6 5. Be3 Qc7 6. Nf3 Bxc5 7. Bxc5 Qxc5 8. c3
Ne7 9. Bd3 Bd7 10. Qe2 a6 11. Nbd2 Nbc6 12. O-O Qb6 13. b4 Ng6 14. g3 Qc7 15.
Rfe1 O-O 16. Nb3 Rad8 17. Rac1 Qb8 18. Nbd4 Rc8 19. Nxc6 Rxc6 20. Nd4 Rc7 21.
Nb3 Rfc8 22. Nc5 Be8 23. h4 Nf8 24. Qg4 Nd7 25. Nxd7 Bxd7 26. Qd4 b5 27. Bb1
Rc4 28. Qd3 g6 29. Rcd1 Rxc3 30. Qd2 R8c7 31. h5 Qf8 32. Qg5 Rc8 33. Rd4 R8c4
34. Red1 Rxd4 35. Rxd4 Rc4 36. Qd2 Qg7 37. hxg6 fxg6 38. Rxc4 bxc4 39. Qe3 Be8
40. Bc2 Qc7 41. a4 Kg7 42. f4 Bd7 43. Kf2 Be8 44. Ke2 Kf7 45. Kd2 Kg7 46. Kc3
a5 47. b5 Qe7 48. Kd2 Qb4+ 49. Kd1 c3 50. Ke2 Qc4+ 51. Bd3 Kf7 0-1

[Event "4. Wittelsbacher Weihnachts-Schach-Open"]
[Site "Kelheim"]
[Date "2015.12.27"]
[Round "2.13"]
[White "Latzel, Wolfgang"]
[Black "Wimmer, Alfred"]
[Result "0-1"]
[WhiteElo "1943"]
[BlackElo "2026"]
[PlyCount "106"]
[EventDate "2015.??.??"]
[WhiteTeam "SK Landshut"]
[BlackTeam "SC Moosburg"]

1. e4 Nf6 2. Nc3 d5 3. exd5 Nxd5 4. g3 Nxc3 5. bxc3 Qd5 6. Qf3 c6 7. Bg2 Be6 8.
Qxd5 Bxd5 9. Kf1 Nd7 10. d3 e5 11. c4 Be6 12. Bh3 Nc5 13. Be3 b6 14. Kg2 O-O-O
15. Bxe6+ Nxe6 16. f3 Bc5 17. Bxc5 Nxc5 18. Ne2 Rhe8 19. Nc3 Ne6 20. a4 a5 21.
Rhe1 Nd4 22. Rac1 f6 23. Kf2 Rd7 24. Ne2 Ne6 25. Nc3 Nc5 26. Rcd1 Red8 27. Ra1
Kc7 28. Ne4 Ne6 29. Nc3 Nc5 30. Ne4 Nxe4+ 31. Rxe4 Kd6 32. Ke2 Re7 33. Kd2 Red7
34. Kc3 Kc5 35. Rae1 Rd4 36. Rb1 g5 37. g4 h5 38. h3 Ra8 39. Ree1 Rf4 40. Re3
hxg4 41. fxg4 Rd8 42. Ra1 Rf2 43. Rb1 Rd4 44. Rbe1 Rdf4 45. Kb3 Rd2 46. R3e2
Rxe2 47. Rxe2 Kd4 48. Rd2 Ke3 49. Kc3 Rf3 50. Rh2 Rf1 51. c5 bxc5 52. Kc4 Rf4+
53. Kxc5 Rxa4 0-1

[Event "4. Wittelsbacher Weihnachts-Schach-Open"]
[Site "Kelheim"]
[Date "2015.12.27"]
[Round "2.14"]
[White "Broszeit, Peter"]
[Black "Bader, Dominic"]
[Result "0-1"]
[WhiteElo "2012"]
[BlackElo "2092"]
[PlyCount "54"]
[EventDate "2015.??.??"]
[WhiteTeam "SV Erkenschwick"]
[BlackTeam "SG Büchenbach/Roth"]

1. e4 c5 2. Nf3 d6 3. Bb5+ Bd7 4. Bxd7+ Nxd7 5. O-O Ngf6 6. Qe2 e6 7. d4 cxd4
8. Nxd4 a6 9. c4 Be7 10. Nc3 Qc7 11. Bd2 Ne5 12. b3 O-O 13. Rfd1 Rfe8 14. Rac1
Rad8 15. f3 Qb8 16. Be3 Ng6 17. Qf2 d5 18. cxd5 exd5 19. Nf5 Ba3 20. Rc2 dxe4
21. Rf1 Qe5 22. fxe4 Ng4 23. Qg3 Qxg3 24. hxg3 Nxe3 25. Nxe3 Bc5 26. Ncd5 Rxd5
27. Kh2 Rh5+ 0-1

[Event "4. Wittelsbacher Weihnachts-Schach-Open"]
[Site "Kelheim"]
[Date "2015.12.27"]
[Round "2.15"]
[White "Goderbauer, Benedikt"]
[Black "Loebel, Petra"]
[Result "1-0"]
[WhiteElo "1971"]
[BlackElo "1852"]
[PlyCount "107"]
[EventDate "2015.??.??"]
[WhiteTeam "SC Moosburg"]
[BlackTeam "SC Noris-Tarrasch Nürnberg"]

1. d4 e6 2. c4 f5 3. g3 Nf6 4. Bg2 c6 5. Nf3 d5 6. O-O Bd6 7. b3 Qe7 8. Qc2 O-O
9. a4 Na6 10. c5 Bc7 11. Bd2 Bd7 12. b4 Rac8 13. Na3 Ne4 14. b5 Nb8 15. Bf4 Ba5
16. h4 h6 17. Ne5 Be8 18. Bxe4 fxe4 19. bxc6 bxc6 20. f3 Rxf4 21. gxf4 Qxh4 22.
e3 Nd7 23. Nxd7 Bxd7 24. Qf2 Qh5 25. fxe4 Rf8 26. Qf3 Qh4 27. Ra2 Bc8 28. Rh2
Qe7 29. Qe2 e5 30. exd5 cxd5 31. Qf3 e4 32. Qg3 Rf6 33. Nb5 Bf5 34. Kf2 Qd7 35.
Nd6 Rg6 36. Qh4 Qxa4 37. Qh5 Qc2+ 38. Qe2 Qxe2+ 39. Kxe2 Bg4+ 40. Kf2 Bf3 41.
Ra1 Bc7 42. Nb5 Bb8 43. Nxa7 Rf6 44. Nb5 g5 45. Ra8 Rf8 46. Rxh6 gxf4 47. exf4
Kg7 48. Rb6 Rh8 49. Rbxb8 Rh2+ 50. Ke1 e3 51. Rg8+ Kf7 52. Nd6+ Kf6 53. Raf8+
Ke7 54. Rf7+ 1-0

[Event "4. Wittelsbacher Weihnachts-Schach-Open"]
[Site "Kelheim"]
[Date "2015.12.27"]
[Round "2.16"]
[White "Weigert, Wilhelm"]
[Black "Klarl, Wolfgang"]
[Result "1-0"]
[WhiteElo "2044"]
[BlackElo "1942"]
[PlyCount "59"]
[EventDate "2015.??.??"]
[WhiteTeam "Post Regensburg"]
[BlackTeam "SK Kelheim"]

1. c4 b6 2. Nc3 f5 3. e4 fxe4 4. d3 Nf6 5. dxe4 e5 6. Be2 Nc6 7. Bg5 Be7 8.
Bxf6 Bxf6 9. Nf3 O-O 10. Qd5+ Kh8 11. O-O-O Rb8 12. Qd3 d6 13. Nd5 Bg4 14. Nd2
Bxe2 15. Qxe2 Bg5 16. Kb1 Nd4 17. Qe1 Bxd2 18. Qxd2 c6 19. Ne3 b5 20. f3 Qc8
21. h4 Qa6 22. c5 dxc5 23. h5 c4 24. Ng4 b4 25. h6 g6 26. Qg5 Qxa2+ 27. Kxa2
b3+ 28. Kb1 Rfe8 29. Nxe5 Ne6 30. Qg3 1-0

[Event "4. Wittelsbacher Weihnachts-Schach-Open"]
[Site "Kelheim"]
[Date "2015.12.27"]
[Round "2.17"]
[White "Strasser, Josef"]
[Black "Glawe, Ralf"]
[Result "0-1"]
[WhiteElo "1892"]
[BlackElo "1997"]
[PlyCount "124"]
[EventDate "2015.??.??"]
[WhiteTeam "SU München"]
[BlackTeam "MTV Ingolstadt"]

1. e4 c5 2. Nf3 e6 3. Nc3 Nc6 4. Bb5 Nge7 5. d4 cxd4 6. Nxd4 Qc7 7. O-O a6 8.
Bxc6 Nxc6 9. Be3 Be7 10. f4 d6 11. f5 O-O 12. Nce2 Qd8 13. Ng3 Bf6 14. Nh5 exf5
15. Nxc6 bxc6 16. Bd4 Bxd4+ 17. Qxd4 Qg5 18. Ng3 fxe4 19. Nxe4 Qe5 20. Rad1
Qxd4+ 21. Rxd4 d5 22. Nc5 a5 23. Re1 Bf5 24. c3 Rfe8 25. Rxe8+ Rxe8 26. Kf2 Rb8
27. b3 Kf8 28. Ra4 Rb5 29. b4 axb4 30. cxb4 Ke7 31. a3 Rb6 32. Ke3 Kd6 33. Ra7
Bg6 34. Kd4 Bf5 35. Rxf7 g6 36. h3 Rb8 37. g4 Be6 38. Rxh7 Rf8 39. Rg7 Bf7 40.
a4 Ke7 41. Rh7 Rb8 42. Nd3 Kf6 43. g5+ Ke6 44. Kc5 Be8 45. Rh8 Kf5 46. h4 Ke4
47. Nb2 Rd8 48. Rh7 Ke3 49. Rh8 Kd2 50. h5 d4 51. Nc4+ Kc3 52. Nd6 d3 53. hxg6
d2 54. Ne4+ Kc2 55. Nxd2 Rd5+ 56. Kb6 Bxg6 57. Nc4 Kb3 58. Ne3 Rd3 59. Ng4 Kxb4
60. Ne5 Rd6 61. Nxg6 Rxg6 62. a5 c5+ 0-1

[Event "4. Wittelsbacher Weihnachts-Schach-Open"]
[Site "Kelheim"]
[Date "2015.12.27"]
[Round "2.18"]
[White "Schindler, Tobias"]
[Black "Bruckmeier, Bernhard"]
[Result "1/2-1/2"]
[WhiteElo "1748"]
[BlackElo "1931"]
[PlyCount "60"]
[EventDate "2015.??.??"]
[WhiteTeam "SK Kelheim"]

1. c4 Nf6 2. g3 d5 3. Bg2 e6 4. Nf3 Be7 5. O-O O-O 6. b3 b6 7. Bb2 Bb7 8. d3 c5
9. Nbd2 Nc6 10. d4 Qc7 11. e3 a5 12. dxc5 bxc5 13. cxd5 Nxd5 14. Qe2 Rfd8 15.
a3 Nb6 16. Rfc1 Ba6 17. Qe1 Rab8 18. Bc3 Nd5 19. Ra2 Nxc3 20. Rxc3 Ne5 21. Nxe5
Qxe5 22. Rc1 a4 23. bxa4 Rb2 24. Nc4 Bxc4 25. Rxb2 Qxb2 26. Rxc4 Qb3 27. Rc1
Qxa4 28. Qc3 Qb5 29. Bf1 Qa4 30. Bg2 c4 1/2-1/2

[Event "4. Wittelsbacher Weihnachts-Schach-Open"]
[Site "Kelheim"]
[Date "2015.12.27"]
[Round "2.19"]
[White "Schwenck, Mathias"]
[Black "Bumes, Konrad"]
[Result "0-1"]
[WhiteElo "1920"]
[BlackElo "2022"]
[PlyCount "74"]
[EventDate "2015.??.??"]
[WhiteTeam "SC Moosburg"]
[BlackTeam "SC Haar"]

1. d4 d5 2. c4 c6 3. Nf3 Nf6 4. Qc2 g6 5. g3 Bf5 6. Qb3 Qb6 7. Nbd2 Nbd7 8. Bg2
Bg7 9. O-O O-O 10. Re1 Ne4 11. cxd5 Qxb3 12. Nxb3 cxd5 13. Bf4 Rac8 14. Rac1 b6
15. Rxc8 Rxc8 16. Rc1 Rxc1+ 17. Nxc1 h6 18. h4 f6 19. Nd3 a5 20. Bc7 Kf7 21.
Nfe1 e6 22. f3 Nd2 23. g4 Bxd3 24. Nxd3 e5 25. b4 Nc4 26. bxa5 bxa5 27. dxe5
fxe5 28. g5 hxg5 29. hxg5 Ndb6 30. f4 e4 31. Ne5+ Nxe5 32. fxe5 Nc4 33. Bh3
Bxe5 34. Bxe5 Nxe5 35. Kf2 Ke7 36. Ke3 Kd6 37. Kf4 Nc6 0-1

[Event "4. Wittelsbacher Weihnachts-Schach-Open"]
[Site "Kelheim"]
[Date "2015.12.27"]
[Round "2.20"]
[White "Eibl, Maximilian"]
[Black "Klenk, Sofie"]
[Result "1-0"]
[WhiteElo "2170"]
[BlackElo "1823"]
[PlyCount "53"]
[EventDate "2015.??.??"]
[WhiteTeam "SK Kelheim"]
[BlackTeam "SC Tarrasch München"]

1. d4 d5 2. c4 dxc4 3. Nf3 a6 4. a4 Nc6 5. e4 Bg4 6. Be3 Nf6 7. Nc3 e6 8. Bxc4
Bb4 9. Qd3 Bxf3 10. gxf3 e5 11. d5 Ne7 12. f4 exf4 13. Bxf4 Ng6 14. Bg3 O-O 15.
O-O Re8 16. Rfe1 Nh5 17. e5 Qg5 18. e6 Bd6 19. Ne4 Qd8 20. exf7+ Kxf7 21. Nxd6+
cxd6 22. Rxe8 Qxe8 23. Qf5+ Nf6 24. Bxd6 Nf8 25. Be5 Rc8 26. Bb3 N8d7 27. Qe6+
1-0

[Event "4. Wittelsbacher Weihnachts-Schach-Open"]
[Site "Kelheim"]
[Date "2015.12.27"]
[Round "2.21"]
[White "Müller, Jochen"]
[Black "Ebenhöch, Daniel"]
[Result "1/2-1/2"]
[WhiteElo "1745"]
[BlackElo "2041"]
[PlyCount "78"]
[EventDate "2015.??.??"]
[WhiteTeam "Spvgg Stetten"]
[BlackTeam "SK Ingolstadt"]

1. d4 Nf6 2. Nf3 g6 3. Bf4 Bg7 4. e3 O-O 5. c4 d6 6. Be2 c5 7. Nc3 Bf5 8. O-O
Qa5 9. Qb3 Na6 10. a3 Rab8 11. Rfd1 Rfe8 12. h3 h6 13. Rac1 cxd4 14. exd4 e5
15. dxe5 dxe5 16. Be3 Bf8 17. Bxa7 Nc5 18. Bxc5 Bxc5 19. Na4 Bf8 20. Qb5 Qc7
21. Nb6 e4 22. Nd4 e3 23. Bf3 exf2+ 24. Kxf2 Bc5 25. Na4 Ba7 26. c5 Be4 27. Qb3
Rbd8 28. Nb5 Qb8 29. Nb6 Rxd1 30. Rxd1 Bxb6 31. cxb6 Qh2 32. Nd6 Re6 33. Nxe4
Nxe4+ 34. Bxe4 Rxe4 35. Rd3 Qf4+ 36. Rf3 Qd2+ 37. Kg3 Qd6+ 38. Kf2 Qd2+ 39. Kg3
Qd6+ 1/2-1/2

[Event "4. Wittelsbacher Weihnachts-Schach-Open"]
[Site "Kelheim"]
[Date "2015.12.27"]
[Round "2.22"]
[White "Klimpel, Siegfried"]
[Black "Lutter, Maximilian"]
[Result "0-1"]
[WhiteElo "1842"]
[BlackElo "1887"]
[PlyCount "90"]
[EventDate "2015.??.??"]
[WhiteTeam "TSV Kareth-Lappersdorf"]
[BlackTeam "SK Neumarkt"]

1. e4 e5 2. Nf3 Nc6 3. d4 exd4 4. Nxd4 Nf6 5. Nxc6 bxc6 6. Bd3 d5 7. Nd2 Bd6 8.
O-O O-O 9. c4 Ba6 10. Qc2 Re8 11. Rb1 dxe4 12. Nxe4 Nxe4 13. Bxe4 Bxh2+ 14.
Kxh2 Qh4+ 15. Kg1 Qxe4 16. Qxe4 Rxe4 17. b3 Re2 18. Be3 Bc8 19. Rbd1 Be6 20.
Rd2 Rxd2 21. Bxd2 Rd8 22. Be3 a5 23. f3 f6 24. Rf2 Ra8 25. Bf4 a4 26. Re2 Kf7
27. Re3 axb3 28. axb3 Ra3 29. Kf2 Ra7 30. g4 g6 31. Rc3 Rb7 32. Ke3 g5 33. Bg3
f5 34. gxf5 Bxf5 35. Kd4 h5 36. Kc5 Bd7 37. Rd3 Ke7 38. f4 h4 39. Re3+ Kf7 40.
Be1 h3 41. Bg3 g4 42. Rd3 Bf5 43. Re3 Ra7 44. Kxc6 Ra2 45. Kxc7 Rg2 0-1

[Event "4. Wittelsbacher Weihnachts-Schach-Open"]
[Site "Kelheim"]
[Date "2015.12.27"]
[Round "2.23"]
[White "Swierzy, David"]
[Black "Bildt, Thomas"]
[Result "0-1"]
[WhiteElo "1648"]
[BlackElo "1981"]
[PlyCount "70"]
[EventDate "2015.??.??"]
[WhiteTeam "SC Straubing"]
[BlackTeam "SK Zirndorf"]

1. f4 e5 2. fxe5 Nc6 3. Nf3 g5 4. g3 g4 5. Nh4 Nxe5 6. d4 Ng6 7. Nxg6 hxg6 8.
e4 f5 9. Bg2 d6 10. Nc3 Bg7 11. Qd3 Qf6 12. Nd5 Qf7 13. Bd2 Be6 14. Nf4 Bc4 15.
Qe3 O-O-O 16. O-O-O g5 17. Nd3 Bxd3 18. Qxd3 f4 19. c3 f3 20. Bf1 Qxa2 21. Bxg5
Bh6 22. Bxh6 Rxh6 23. Qc4 Qxc4 24. Bxc4 Ne7 25. h3 d5 26. Bd3 gxh3 27. exd5 Rg8
28. Rde1 Kd8 29. Ref1 Rxg3 30. Be4 Rf6 31. Rh2 Rf4 32. d6 Rxe4 33. dxe7+ Kxe7
34. Rhf2 Re2 35. Kd1 h2 0-1

[Event "4. Wittelsbacher Weihnachts-Schach-Open"]
[Site "Kelheim"]
[Date "2015.12.27"]
[Round "2.24"]
[White "Simon, Günther"]
[Black "Goderbauer, Josef"]
[Result "0-1"]
[WhiteElo "1901"]
[BlackElo "1857"]
[PlyCount "88"]
[EventDate "2015.??.??"]
[WhiteTeam "Regensburger Turnerschaft"]
[BlackTeam "SC Moosburg"]

1. e4 g6 2. Nc3 Bg7 3. g3 d6 4. Bg2 Nd7 5. Nge2 e6 6. O-O Ne7 7. d4 O-O 8. Be3
b6 9. Qd2 Bb7 10. Rad1 a6 11. Rfe1 b5 12. Bh6 Nb6 13. b3 Qd7 14. Bxg7 Kxg7 15.
Nf4 d5 16. Nd3 c6 17. Nc5 Qc7 18. Bh3 Nd7 19. b4 Nxc5 20. dxc5 Rad8 21. e5 Bc8
22. Qd4 Rh8 23. Re3 Rdg8 24. Ne2 h5 25. Qf4 Nf5 26. Bxf5 gxf5 27. h4 Kf8 28. f3
a5 29. Kf2 Rg6 30. Rg1 Rhg8 31. Qd4 Qe7 32. bxa5 Ba6 33. Qb4 Ke8 34. c3 Kd7 35.
Nf4 Rxg3 36. Nxd5 Rxg1 37. Nf6+ Kc7 38. Rd3 R8g2+ 39. Ke3 Re1+ 40. Kf4 Qf8 41.
Ne8+ Qxe8 42. Qd4 Qe7 43. Qd6+ Qxd6 44. exd6+ Kd7 0-1

[Event "4. Wittelsbacher Weihnachts-Schach-Open"]
[Site "Kelheim"]
[Date "2015.12.27"]
[Round "2.25"]
[White "Meul, Willi"]
[Black "Bodenschatz, Josef"]
[Result "0-1"]
[WhiteElo "1829"]
[BlackElo "2005"]
[PlyCount "72"]
[EventDate "2015.??.??"]
[WhiteTeam "SV Hürth-Berrenrath"]
[BlackTeam "TSV Kirchenlaibach"]

1. d4 c6 2. Nf3 f5 3. c4 Nf6 4. Nc3 g6 5. e3 Bg7 6. Be2 O-O 7. O-O d6 8. b3 Qc7
9. Bb2 Nbd7 10. Qc2 e5 11. dxe5 Nxe5 12. Rfd1 Rd8 13. Nxe5 dxe5 14. Rxd8+ Qxd8
15. Rd1 Qe7 16. Qd2 Be6 17. Qd6 Qxd6 18. Rxd6 Kf7 19. Na4 Nd7 20. Bc3 Rc8 21.
Kf1 Bf8 22. Rd2 Be7 23. b4 Bf6 24. a3 Ke7 25. c5 Bb3 26. Nb2 b5 27. Bd1 Bd5 28.
a4 a6 29. f3 e4 30. Bxf6+ Nxf6 31. a5 Rd8 32. Ke2 exf3+ 33. gxf3 Bxf3+ 34. Ke1
Rxd2 35. Kxd2 Bxd1 36. Kxd1 Nd5 0-1

[Event "4. Wittelsbacher Weihnachts-Schach-Open"]
[Site "Kelheim"]
[Date "2015.12.27"]
[Round "2.26"]
[White "Gabler, Eric"]
[Black "Hummel, Thomas"]
[Result "1/2-1/2"]
[WhiteElo "1919"]
[BlackElo "1918"]
[PlyCount "96"]
[EventDate "2015.??.??"]
[WhiteTeam "TV Geiselhöring"]
[BlackTeam "SK Neumarkt"]

1. d4 b6 2. c4 Bb7 3. Nf3 Nf6 4. g3 e6 5. Bg2 Bb4+ 6. Bd2 Qe7 7. O-O Bxd2 8.
Nbxd2 d6 9. Qc2 Nbd7 10. e4 O-O 11. Nh4 Ng4 12. Rae1 g6 13. f4 Rae8 14. Qd1 Nh6
15. Ndf3 Qd8 16. Bh3 Nf6 17. Ng5 d5 18. cxd5 exd5 19. e5 Ne4 20. Nhf3 Nf5 21.
Bxf5 gxf5 22. Nh4 f6 23. Nxe4 fxe4 24. Nf5 Kh8 25. Ne3 c5 26. Nf5 Re6 27. b4
Qc7 28. bxc5 bxc5 29. dxc5 Qxc5+ 30. Qd4 Qxd4+ 31. Nxd4 Ra6 32. e6 Ra4 33. Rd1
Ba6 34. Rfe1 Re8 35. f5 Rc4 36. Ne2 Bb7 37. Rd4 Rec8 38. Rxc4 Rxc4 39. Rd1 Kg7
40. Kf2 Kf8 41. Ke3 Ke7 42. Rb1 Rc7 43. Rc1 Rxc1 44. Nxc1 Kd6 45. Kd4 Ba6 46.
a3 Bc4 47. a4 Bf1 48. Ke3 Bc4 1/2-1/2

[Event "4. Wittelsbacher Weihnachts-Schach-Open"]
[Site "Kelheim"]
[Date "2015.12.27"]
[Round "2.27"]
[White "Gruber, Johannes"]
[Black "Santl, Anton"]
[Result "1/2-1/2"]
[WhiteElo "1801"]
[BlackElo "1969"]
[PlyCount "79"]
[EventDate "2015.??.??"]
[WhiteTeam "SC Sinzing"]
[BlackTeam "SU München"]

1. e4 c5 2. Nc3 Nc6 3. Bb5 g6 4. Bxc6 dxc6 5. f4 Bg7 6. Nf3 Bg4 7. O-O Nf6 8.
d3 Qd7 9. Qe1 Bxf3 10. Rxf3 b6 11. a4 a5 12. Nd1 c4 13. e5 Ng4 14. h3 Nh6 15.
dxc4 Qd4+ 16. Ne3 Nf5 17. c3 Qe4 18. Bd2 Nxe3 19. b3 O-O 20. Bxe3 c5 21. Rd1
Rfd8 22. Qe2 g5 23. g3 e6 24. Rff1 Bf8 25. Rd2 Rxd2 26. Qxd2 Be7 27. Qf2 gxf4
28. Qxf4 Qxf4 29. Rxf4 h5 30. Rf2 Rd8 31. Rd2 Kg7 32. Kf2 Kg6 33. g4 hxg4 34.
hxg4 Rxd2+ 35. Bxd2 Bg5 36. Bxg5 Kxg5 37. Kf3 Kh6 38. Kf4 Kg6 39. Kf3 Kg5 40.
Kg3 1/2-1/2

[Event "4. Wittelsbacher Weihnachts-Schach-Open"]
[Site "Kelheim"]
[Date "2015.12.27"]
[Round "2.28"]
[White "Lutzky, Manfred"]
[Black "Lukas, Anne"]
[Result "1-0"]
[WhiteElo "1890"]
[BlackElo "1810"]
[PlyCount "57"]
[EventDate "2015.??.??"]
[WhiteTeam "SC Noris-Tarrasch Nürnberg"]
[BlackTeam "SK Gernsheim"]

1. e4 c5 2. c3 g6 3. d4 cxd4 4. cxd4 d5 5. e5 Nc6 6. Nc3 Nh6 7. Nf3 Bg4 8. Be2
Bg7 9. O-O O-O 10. Be3 f6 11. exf6 Rxf6 12. Rc1 Nf5 13. Nxd5 Rd6 14. Nf4 Ncxd4
15. Nxd4 Nxe3 16. fxe3 Bd7 17. Qb3+ Kh8 18. Nde6 Qa5 19. Nxg7 Kxg7 20. Qc3+
Qxc3 21. Rxc3 e5 22. Nd3 Bb5 23. a4 Bxa4 24. Nxe5 Re6 25. Rc7+ Kh8 26. Nf7+ Kg8
27. Nh6+ Kh8 28. Rff7 Rxe3 29. Rxh7# 1-0

[Event "4. Wittelsbacher Weihnachts-Schach-Open"]
[Site "Kelheim"]
[Date "2015.12.27"]
[Round "2.29"]
[White "Schindler, Gernot"]
[Black "Winkelmeier, Alfred"]
[Result "1-0"]
[WhiteElo "2028"]
[BlackElo "1691"]
[PlyCount "108"]
[EventDate "2015.??.??"]
[WhiteTeam "SK Kelheim"]
[BlackTeam "SV Ilmmünster"]

1. e4 c5 2. Nf3 e6 3. d4 cxd4 4. Nxd4 a6 5. Be2 Qc7 6. O-O Nf6 7. f3 Be7 8. Be3
d6 9. Nc3 Nbd7 10. f4 O-O 11. g4 Nc5 12. Bf3 e5 13. Nb3 exf4 14. Bxf4 Nxb3 15.
cxb3 Be6 16. Qe2 Qd7 17. h3 Rac8 18. Rfd1 Qc7 19. Rac1 Qb8 20. Qd3 Rfd8 21. Kg2
b5 22. g5 Ne8 23. h4 Rc5 24. Nd5 Rxc1 25. Rxc1 Bf8 26. h5 Rc8 27. Rh1 Rc5 28.
Be3 Rc8 29. h6 g6 30. Qd4 Rc2+ 31. Kg3 Bxd5 32. exd5 Qd8 33. Bd1 Rc7 34. Bd2
Re7 35. Bg4 Re5 36. Rf1 Qe7 37. Bf4 Re4 38. Qd2 Qa7 39. Bf3 Re7 40. Qc3 Rc7 41.
Qd3 Re7 42. Bd2 Re5 43. Bf4 Re7 44. Kg2 Qd7 45. Rc1 Qa7 46. Bd2 Re5 47. Rc3 Qe7
48. Rc8 Qb7 49. Rc6 Qa7 50. Bg4 Nc7 51. Bf3 Qb8 52. Bf4 Rf5 53. Qd4 Qd8 54.
Rxd6 Bxd6 1-0

[Event "4. Wittelsbacher Weihnachts-Schach-Open"]
[Site "Kelheim"]
[Date "2015.12.27"]
[Round "2.30"]
[White "Meckel, Helmut"]
[Black "Schmid, Bernhard"]
[Result "0-1"]
[WhiteElo "1777"]
[BlackElo "1904"]
[PlyCount "58"]
[EventDate "2015.??.??"]
[WhiteTeam "SG Solingen"]
[BlackTeam "SC Sinzing"]

1. b4 d5 2. Bb2 Nf6 3. e3 Bf5 4. f4 e6 5. b5 c5 6. Nf3 Nbd7 7. c4 Be7 8. cxd5
Nxd5 9. Na3 N7f6 10. Rc1 Nb4 11. Qb3 Bd3 12. Ne5 Bxf1 13. Rxf1 Ne4 14. d3 f6
15. dxe4 fxe5 16. Rd1 Qb6 17. Nc4 Qxb5 18. a3 O-O 19. Bxe5 Rad8 20. Rxd8 Rxd8
21. axb4 cxb4 22. Kf2 a5 23. Nb2 Rd2+ 24. Kg1 Qe2 25. Qxe6+ Kh8 26. Qh3 b5 27.
Bd4 h5 28. Rc1 Rc2 29. Rxc2 Qe1# 0-1

[Event "4. Wittelsbacher Weihnachts-Schach-Open"]
[Site "Kelheim"]
[Date "2015.12.27"]
[Round "2.31"]
[White "Koellner, Ulrich"]
[Black "Müller, Johannes"]
[Result "1/2-1/2"]
[WhiteElo "1865"]
[BlackElo "1982"]
[PlyCount "49"]
[EventDate "2015.??.??"]
[WhiteTeam "SV Hofheim"]
[BlackTeam "SK Kelheim"]

1. d4 Nf6 2. c4 g6 3. Nc3 d5 4. cxd5 Nxd5 5. e4 Nxc3 6. bxc3 Bg7 7. Nf3 c5 8.
Rb1 O-O 9. Be2 Nc6 10. d5 Bxc3+ 11. Bd2 Bxd2+ 12. Qxd2 Nd4 13. Nxd4 cxd4 14.
O-O b6 15. Qxd4 Bb7 16. Rfd1 Rc8 17. h4 Rc5 18. h5 Qd6 19. hxg6 hxg6 20. Rb3 f6
21. Rg3 Kf7 22. Qe3 Rh8 23. Rh3 Rxh3 24. Qxh3 Kg7 25. Qd3 1/2-1/2

[Event "4. Wittelsbacher Weihnachts-Schach-Open"]
[Site "Kelheim"]
[Date "2015.12.27"]
[Round "2.32"]
[White "Brack, Johannes"]
[Black "Stutz, Robert"]
[Result "1/2-1/2"]
[WhiteElo "1940"]
[BlackElo "1829"]
[PlyCount "79"]
[EventDate "2015.??.??"]
[WhiteTeam "Regensburger Turnerschaft"]
[BlackTeam "TSV Grossmehring"]

1. d4 d5 2. Nf3 e6 3. Nbd2 Nd7 4. e4 dxe4 5. Nxe4 Ngf6 6. Ng3 b6 7. Bg5 Bb7 8.
Bb5 a6 9. Bxd7+ Qxd7 10. Bxf6 gxf6 11. Qe2 Qb5 12. Qxb5+ axb5 13. Ke2 Bd6 14.
a3 Ke7 15. Rad1 b4 16. axb4 Ba6+ 17. Ke3 Bxb4 18. c3 Bd6 19. Ne4 Rhg8 20. g3
Bb7 21. Ra1 e5 22. Rhe1 Ke6 23. dxe5 fxe5 24. Nfg5+ Ke7 25. h4 h6 26. Nxd6 cxd6
27. Nf3 f5 28. Nd2 d5 29. c4 d4+ 30. Kd3 Kf6 31. Rxa8 Rxa8 32. f4 e4+ 33. Kxd4
Rd8+ 34. Kc3 Rd3+ 35. Kc2 Rxg3 36. b4 e3 37. Nb3 Be4+ 38. Kb2 Rg2+ 39. Kc3 e2
40. c5 {Züge fehlen} 1/2-1/2

[Event "4. Wittelsbacher Weihnachts-Schach-Open"]
[Site "Kelheim"]
[Date "2015.12.27"]
[Round "2.33"]
[White "Schulz, Siegfried"]
[Black "Timar-Geng, Zoltan"]
[Result "1/2-1/2"]
[WhiteElo "1831"]
[BlackElo "1929"]
[PlyCount "47"]
[EventDate "2015.??.??"]
[WhiteTeam "TSV Kirchenlaibach"]
[BlackTeam "SV Lingen"]

1. d4 d5 2. Nf3 Nf6 3. c4 c6 4. b3 dxc4 5. bxc4 g6 6. e3 Bg7 7. Be2 O-O 8. O-O
Re8 9. Bb2 Qb6 10. Qb3 Nbd7 11. Nbd2 a5 12. Qc2 a4 13. Rab1 Qc7 14. Bd3 Nf8 15.
h3 N6d7 16. c5 e5 17. Ne4 Ne6 18. Nd6 Re7 19. Rfe1 b5 20. a3 exd4 21. exd4 Nf6
22. Re2 Nd5 23. Rbe1 Ndf4 24. Re4 1/2-1/2

[Event "4. Wittelsbacher Weihnachts-Schach-Open"]
[Site "Kelheim"]
[Date "2015.12.27"]
[Round "2.34"]
[White "Aunkofer, Günter"]
[Black "Zinner, Bernhard"]
[Result "1-0"]
[WhiteElo "1826"]
[BlackElo "1795"]
[PlyCount "53"]
[EventDate "2015.??.??"]
[WhiteTeam "TSV Mainburg"]
[BlackTeam "TV Geiselhöring"]

1. e4 d5 2. exd5 Qxd5 3. Nc3 Qa5 4. d4 c6 5. Bc4 Nf6 6. Bd2 Qc7 7. Qe2 e6 8.
O-O-O Be7 9. Nf3 b5 10. Bd3 b4 11. Ne4 Nd5 12. Ne5 Bd6 13. Nxd6+ Qxd6 14. Qh5
Qc7 15. Qg5 O-O 16. Qh4 f5 17. g4 a5 18. gxf5 exf5 19. Rhg1 Ra7 20. Bh6 Qd8 21.
Bg5 Qd6 22. Rg3 g6 23. Rdg1 Nf6 24. Bh6 Rg7 25. Bxg7 Kxg7 26. Rxg6+ Kh8 27.
Nf7+ 1-0

[Event "4. Wittelsbacher Weihnachts-Schach-Open"]
[Site "Kelheim"]
[Date "2015.12.27"]
[Round "2.35"]
[White "Schmidt, Franz"]
[Black "Frei, Robert"]
[Result "1-0"]
[WhiteElo "1828"]
[BlackElo "1892"]
[PlyCount "71"]
[EventDate "2015.??.??"]
[WhiteTeam "SK Abensberg"]
[BlackTeam "TSV Mindelheim"]

1. e4 c5 2. Nf3 a6 3. c3 Nf6 4. e5 Nd5 5. d4 cxd4 6. cxd4 e6 7. Bc4 Bb4+ 8. Bd2
Bxd2+ 9. Qxd2 Ne7 10. Nc3 b5 11. Ne4 Nf5 12. Bd3 Nc6 13. g4 Nh4 14. Nd6+ Kf8
15. Nxh4 Qxh4 16. Be4 Qxg4 17. f3 Qh4+ 18. Ke2 g6 19. Rac1 Kg7 20. Bxc6 dxc6
21. Rxc6 Rd8 22. Qe3 b4 23. Qe4 Qh6 24. Rc7 Bd7 25. Rxd7 Rxd7 26. Qxa8 Qh3 27.
Rf1 Qg2+ 28. Rf2 Qg1 29. Qc6 Qb1 30. Qxd7 Qc2+ 31. Ke3 Qc1+ 32. Rd2 Qe1+ 33.
Kd3 Qb1+ 34. Kc4 Qc1+ 35. Kd3 Qb1+ 36. Ke2 1-0